Molecular Quantum Mechanics
| Main Author: | |
|---|---|
| Format: | Section = Libro |
| Language: | Undetermined Spanish |
| Published: |
New York
Oxford University Press
1983
|
| Edition: | 2a. ed. |
| Subjects: |
| LEADER | 00515nam a2200205Ia 4500 | ||
|---|---|---|---|
| 008 | 240830s9999 xx 000 0 und d | ||
| 020 | |a 0-19-855170-3 | ||
| 040 | |a CEDOC FIQ-RUSB / 539 T873 | ||
| 041 | |a spa | ||
| 082 | |a 539 T873 | ||
| 100 | 1 | |a Atkins, P. W. | |
| 245 | 1 | 0 | |a Molecular Quantum Mechanics |
| 250 | |a 2a. ed. | ||
| 260 | |a New York |b Oxford University Press |c 1983 | ||
| 300 | |a 471 p.: il. | ||
| 650 | 7 | |a FISICOQUIMICA | |
| 650 | 7 | |b MECÁNICA CUÁNTICA | |
| 942 | |c BK |2 ddc | ||
| 991 | |a TEXTO | ||
| 999 | |c 13393 | ||